Platobné mechanizmy v zdravotníctve a plán zavedenia DRG systému v zdravotníctve SR diplomová práca

Saved in:
Bibliographic Details
Main Author: Strunga, František, 1974-
Corporate Author: Národohospodárska fakulta EU. Katedra sociálneho rozvoja a práce
Other Authors: Pechová, Michaela, 1977-
Format: Book
Language:Slovak
Published: Bratislava 2013
Tags: Add Tag
No Tags, Be the first to tag this record!

MARC

LEADER 00000nbm a2200000 4500
001 0169313
005 20161109102255.3
041 0 |a slo 
044 |a SK 
245 1 0 |a Platobné mechanizmy v zdravotníctve a plán zavedenia DRG systému v zdravotníctve SR  |b diplomová práca  |c František Strunga ; školiteľ: Michaela Pechová 
264 1 |a Bratislava  |c 2013 
300 |a 90 s. 
100 1 |a Strunga, František, 1974- 
700 1 |a Pechová, Michaela, 1977- 
710 2 |a Národohospodárska fakulta EU. Katedra sociálneho rozvoja a práce